| 000 | 00723nam a2200253 i 4500 | ||
|---|---|---|---|
| 001 | 16571 | ||
| 003 | ES-MaACL | ||
| 005 | 20250407063059.0 | ||
| 007 | t| | ||
| 008 | 001017s1997 sp ||||0| spa j | ||
| 020 | _a84-8191-129-1 | ||
| 040 |
_aM-BN _bspa _cM-BN |
||
| 080 | _a159.942 | ||
| 100 | 1 |
_aOcaña, Enrique, _d1965- _986456 |
|
| 245 | 1 | 0 |
_aSobre el dolor / _cEnrique Ocaña. |
| 260 |
_aValencia : _bPre-Textos, _c[1997] |
||
| 300 |
_a305 p. ; _c19 cm. |
||
| 490 | 1 |
_aPre-textos ; _v295. _aEnsayo |
|
| 504 | _aBibliografía: p. 275-283. | ||
| 650 | 1 | 4 |
_aSufrimiento. _917257 |
| 830 | 0 |
_aPre-textos ; _v295. _aEnsayo _9179721 |
|
| 852 |
_aES-MaACL _jL-23732 _bR.128841 |
||
| 999 |
_c16571 _d16571 |
||